| 000 | 01858nam0a2200385 4500 | ||
|---|---|---|---|
| 001 | RU\NLR\bibl\1453857 | ||
| 005 | 20260405234209.0 | ||
| 020 |
_aRU _b90-19512 _9Летопись авторефератов диссертаций |
||
| 021 |
_aRU _b2009-14396а _9576а |
||
| 035 | _a(NLR Aleph) 001445665 | ||
| 090 |
_a1490940 _c1490940 |
||
| 100 | _a20090917d2009 u u0rusy50 ca | ||
| 101 | 0 | _arus | |
| 102 | _aRU | ||
| 105 | _aa dm ||||| | ||
| 135 | _acrgn 008aaaba | ||
| 200 | 1 |
_aЭффективность организации речных грузовых перевозок _e(на примере Енисейского бассейна) _eавтореф. дис. на соиск. учен. степ. канд. техн. наук _eспециальность 05.22.19 <Эксплуатация вод. трансп., судовождение> _fФедоров Леонид Никонович _g[Новосиб. гос. акад. вод. трансп.] |
|
| 210 |
_aНовосибирск _d2009 |
||
| 215 |
_a18 с. _cил. _d21 |
||
| 320 | _aБиблиогр.: c. 17-18 (10 назв.) | ||
| 325 | _aКопия доступна в Электрон. б-ке РНБ | ||
| 610 | 0 | _aЕнисей, р., бас., техн. науки | |
| 675 |
_a656.6 _v3 _zrus |
||
| 686 |
_a73.34 _2rugasnti |
||
| 686 |
_a39.4 _2rubbk |
||
| 686 |
_a05.22.19 _2oksvnk |
||
| 700 | 1 |
_4070 _7ca _8rus _aФедоров _bЛ. Н. _cканд. техн. наук _f1958- _gЛеонид Никонович _990784 _3RU\NLR\auth\77107859 |
|
| 801 | 0 |
_aRU _bRKP _c20090917 _gPSBO |
|
| 801 | 1 |
_aRU _bRKP _c20090917 |
|
| 801 | 2 |
_aRU _bNLR _c20091217 _grcr |
|
| 901 | _eАвторефераты | ||
| 942 | _cBOOK | ||
| 981 | 1 | 0 | _a(10) Авторефераты |